000 01657cam a22002775a 4500
001 L160192
008 181123s2018 xxk f 000 0 eng d
020 _a9781783213276
035 _a(Sirsi) u160192
041 0 _aeng
110 2 _aRoyal Institution of Chartered Surveyors
_94900
245 0 0 _aRICS Valuation Global Standards 2017
_bUK National Supplement
_h[electronic resource]
260 _aLondon,
_bRICS,
_c2018
490 0 _aRICS Professional Statement
490 _aRICS Red Book
520 _aThe UK national supplement augments the Global Red Book for valuations that are subject to UK jurisdiction. Part 1 introduction, Part 2 UK Professional and Valuation Standards mandatory and Part 3 Part 3 UK Valuation Practice Guidance Applications (UK VPGAs) - advisory including including financial reporting, local authority and central government assets for accounting purposes, charity assets, commercial secured lending purposes and residential mortgage purposes.
520 _aIssued November 2018, effective from 14 January 2019 to 30 April 2024. Supersedes RICS Valuation Professional Standards UK January 2014 [revised April 2015] ISBN 9781783211050
520 _aFrom 1 May 2024 the 2017 edition is superseded by RICS Valuation – Global Standards: UK national supplement published 19 October 2023 ISBN 9781783215065
590 _aNTK
650 2 4 _aRED BOOK
650 2 4 _aGLOBAL VALUATION STANDARDS 2017
651 4 _aUnited Kingdom
690 _aValuation
_96273
856 4 0 _uhttps://www.rics.org/content/dam/ricsglobal/documents/standards/red_book_uk_supplement_rics.pdf
_zAvailable free on RICS.org
942 _n0
_2ddc
999 _c116270
_d116270